Super Smash Bros. Ultimate Characters That Start With L - Statistics

General Stats
  • This quiz has been taken 272 times
  • The average score is 6 of 6
Answer Stats
Series Answer % Correct
The Legend of Zelda Link
99%
Punch-Out!! Little Mac
96%
Earthbound Lucas
94%
Pokémon Lucario
93%
Fire Emblem Lucina
91%
Super Mario Luigi
90%
No matching quizzes found
Score Distribution
Percent of People with Each Score
Percentile by Number Answered
Your Score History
You have not taken this quiz